000 01134nam0a22002891 4500
001 rc\3504923
005 20250610040055.0
021 _aRU
_b[72-78550]
035 _a(NLR Aleph) 007677318
090 _a6499962
_c6499962
100 _a20130115d1972 |||y0rusy50 ca
101 1 _arus
_cbak
102 _aRU
105 _ac z |||a|
200 1 _aДерево, посаженное мною...
_eСтихи и поэма ["Когда погасло..."]
_eАвториз. пер. с башк.
210 _a[Уфа
_cБашк. кн. изд-во
_d1972]
215 _a63 с.
_cпортр.
_d15
225 1 _a[Библиотечка башкирской поэзии]
300 _aВ вып. дан.: Шариф Биккол (Биккулов Шариф Сагадатуллович)
464 0 _12001#$aКогда погасло...$eПоэма
_tКогда погасло...
700 1 _aБиккол
_bШ.
_f1924-
_gШариф
790 1 _aБиккулов
_bШ.С.
_f1924-
_gШариф Сагадатуллович
801 0 _aRU
_bNLR
_gpsbo
801 1 _aRU
_bELAR
_2rusmarc
852 _aNLR
_j72-1/318
942 _cBOOK
980 _aNB